[Event "SR 3. liga A2 2011/2012"]
[Site "?"]
[Date "2011.12.11"]
[Round "5.2"]
[White "Filip, Frantisek"]
[Black "Nedorost, Lubomir"]
[Result "0-1"]
[WhiteElo "1838"]
[BlackElo "1667"]
[PlyCount "120"]
[EventDate "2011.??.??"]

1. e4 c5 2. Nf3 d6 3. c3 Nf6 4. Be2 Nxe4 5. Qa4+ Nc6 6. Qxe4 g6 7. O-O Bf5 8.
Qa4 a6 9. d4 b5 10. Qd1 c4 11. d5 Nb8 12. b3 cxb3 13. axb3 Nd7 14. Nh4 Be4 15.
c4 Bg7 16. Nd2 Bxg2 17. Nxg2 Bxa1 18. Ne4 bxc4 19. Bxc4 Bg7 20. Qe2 a5 21.
Nxd6+ Kf8 22. Ne4 h5 23. Ba3 Ne5 24. Re1 h4 25. Ng5 Bf6 26. Nf3 Rh5 27. Nxe5
Rxe5 28. Qd2 Rg5 29. d6 exd6 30. Bxd6+ Kg7 31. h3 Rc8 32. Rd1 Qb6 33. Bf4 Rd8
34. Qe2 Rf5 35. Be3 Qc7 36. Rxd8 Qxd8 37. Qg4 Rh5 38. Kf1 Qe7 39. Bd4 Bxd4 40.
Qxd4+ Qe5 41. Qg4 Qa1+ 42. Ne1 Re5 43. Be2 Qb1 44. Qxh4 Qxb3 45. f4 Re4 46. Qg4
Qe3 47. Ng2 Qd4 48. Qf3 a4 49. f5 Qb4 50. f6+ Kg8 51. Bd3 Re8 52. Qc6 Re6 53.
Qc8+ Qf8 54. Qc3 Qd8 55. Qd2 Rxf6+ 56. Nf4 Qd4 57. Qe2 Qxf4+ 58. Kg2 Qg5+ 59.
Kh2 Re6 60. Qf1 Qd2+ 0-1

[Event "SR 3. liga A2 2011/2012"]
[Site "?"]
[Date "2011.12.11"]
[Round "5.2"]
[White "Sedlak, Rastislav"]
[Black "Tupy, Bystrik"]
[Result "0-1"]
[WhiteElo "1610"]
[BlackElo "1514"]
[PlyCount "122"]
[EventDate "2011.??.??"]

1. e4 e5 2. Nf3 Nc6 3. Bc4 h6 4. O-O Nf6 5. Nc3 Bb4 6. d3 Bxc3 7. bxc3 O-O 8.
h3 d5 9. exd5 Nxd5 10. Bxd5 Qxd5 11. c4 Qd6 12. a4 Qg6 13. Kh2 Re8 14. Bb2 b6
15. Re1 Qd6 16. Ba3 Qe6 17. d4 Qxc4 18. Nxe5 Nxe5 19. Rxe5 Rxe5 20. dxe5 Qf4+
21. Kg1 Qxe5 22. Qd8+ Kh7 23. Rb1 Bb7 24. Qd2 Qe4 25. Qd3 Qxd3 26. cxd3 Rd8 27.
Rb3 Rd4 28. a5 Ba6 29. axb6 axb6 30. Be7 Bxd3 31. Rc3 Rd7 32. Bb4 c5 33. Bxc5
bxc5 34. Rxc5 Kg6 35. g3 Be4 36. f4 Rd2 37. Rc3 Rd3 38. Rxd3 Bxd3 39. Kf2 Kf5
40. Ke3 Bf1 41. g4+ Kg6 42. h4 Ba6 43. Ke4 Kf6 44. f5 Bc8 45. Kf4 g6 46. g5+
hxg5+ 47. hxg5+ Ke7 48. fxg6 fxg6 49. Ke5 Bb7 50. Kf4 Ke6 51. Kg4 Ke5 52. Kg3
Kf5 53. Kh4 Kf4 54. Kh3 Kxg5 55. Kg3 Kf5 56. Kh4 Kf4 57. Kh3 g5 58. Kh2 Kf3 59.
Kg1 g4 60. Kh2 g3+ 61. Kh1 Kf2# 0-1

[Event "SR 3. liga A2 2011/2012"]
[Site "?"]
[Date "2011.12.11"]
[Round "5.3"]
[White "Berczes, Csaba"]
[Black "Kovacocy, Pavel"]
[Result "1/2-1/2"]
[WhiteElo "2397"]
[BlackElo "2231"]
[PlyCount "42"]
[EventDate "2011.??.??"]

1. Nf3 g6 2. c4 Bg7 3. d4 d6 4. Nc3 Nf6 5. g3 O-O 6. Bg2 c6 7. O-O Qa5 8. Qb3
Nbd7 9. Bd2 Qc7 10. Rac1 e5 11. Qc2 Re8 12. Rfd1 Nh5 13. Be1 Nf8 14. d5 c5 15.
b4 b6 16. bxc5 bxc5 17. Nb5 Qe7 18. Ba5 e4 19. Nd2 e3 20. Ne4 exf2+ 21. Kf1 Be5
1/2-1/2

[Event "SR 3. liga A2 2011/2012"]
[Site "?"]
[Date "2011.12.11"]
[Round "5.3"]
[White "Liptak, Tomas"]
[Black "Janko, Michal"]
[Result "1/2-1/2"]
[WhiteElo "2103"]
[BlackElo "2271"]
[PlyCount "37"]
[EventDate "2011.??.??"]

1. e4 c6 2. d4 d5 3. Nc3 dxe4 4. Nxe4 Bf5 5. Ng3 Bg6 6. Nf3 Nd7 7. Bd3 Bxd3 8.
Qxd3 e6 9. O-O Ngf6 10. Re1 Be7 11. Bd2 O-O 12. c4 Qc7 13. Bc3 Rad8 14. Qe2
Rfe8 15. Rad1 a6 16. b3 Qd6 17. Ne5 Qa3 18. Qb2 Qxb2 19. Bxb2 1/2-1/2

[Event "SR 3. liga A2 2011/2012"]
[Site "?"]
[Date "2011.12.11"]
[Round "5.3"]
[White "Janko, Ladislav"]
[Black "Liptak, Dusan"]
[Result "1-0"]
[WhiteElo "2229"]
[BlackElo "2075"]
[PlyCount "49"]
[EventDate "2011.??.??"]

1. e4 e6 2. d4 d5 3. Nd2 c5 4. Ngf3 cxd4 5. exd5 Qxd5 6. Bc4 Qd6 7. O-O Nc6 8.
Nb3 Nf6 9. Nbxd4 Nxd4 10. Nxd4 a6 11. c3 Bd7 12. Qe2 Qc7 13. Bg5 O-O-O 14. b4
Bd6 15. b5 a5 16. b6 Qxb6 17. Rab1 Qa7 18. Bb5 Bc5 19. Qc4 e5 20. Rfd1 b6 21.
Bxd7+ Qxd7 22. Rxb6 Qd5 23. Qa6+ Kd7 24. Qb5+ Kc7 25. Rc6+ 1-0

[Event "SR 3. liga A2 2011/2012"]
[Site "?"]
[Date "2011.12.11"]
[Round "5.3"]
[White "Cechovic, Stefan"]
[Black "Kantor, Reka"]
[Result "1-0"]
[WhiteElo "2159"]
[BlackElo "1962"]
[PlyCount "51"]
[EventDate "2011.??.??"]

1. Nf3 d5 2. b3 c5 3. Bb2 Nf6 4. e3 Nc6 5. Bb5 a6 6. Bxc6+ bxc6 7. Ne5 Qc7 8.
f4 g6 9. Nc3 Bg7 10. Na4 Nd7 11. Nxd7 Bxb2 12. Ndb6 Rb8 13. Nxd5 cxd5 14. Nxb2
c4 15. O-O O-O 16. Na4 cxb3 17. axb3 Bb7 18. d4 Rfc8 19. Nc5 Qd6 20. Ra5 Rc6
21. Qe2 Bc8 22. Rfa1 Qc7 23. h3 Rbb6 24. R1a2 Rb8 25. Nxa6 Bxa6 26. Rxa6 1-0

[Event "SR 3. liga A2 2011/2012"]
[Site "?"]
[Date "2011.12.11"]
[Round "5.3"]
[White "Dvorsky, Jozef"]
[Black "Sarmir, Milos"]
[Result "1-0"]
[WhiteElo "2031"]
[BlackElo "2048"]
[PlyCount "127"]
[EventDate "2011.??.??"]

1. e4 e5 2. Nf3 Nc6 3. Bb5 a6 4. Ba4 Nf6 5. Qe2 d6 6. h3 b5 7. Bb3 Na5 8. d3
Be7 9. Nbd2 O-O 10. Nf1 c5 11. c4 Nxb3 12. axb3 Bd7 13. g4 a5 14. Ng3 a4 15.
bxa4 bxc4 16. dxc4 Rxa4 17. Rxa4 Bxa4 18. Nf5 Re8 19. g5 Nd7 20. h4 Bf8 21. h5
Bc6 22. Rg1 Qa8 23. Nd2 Qa1 24. Qd1 Rb8 25. Rg3 Qa5 26. Ke2 Qd8 27. Qg1 g6 28.
Ne3 Bg7 29. Qh2 Nf8 30. Qh4 Ne6 31. Nd5 Bxd5 32. exd5 Nf4+ 33. Kd1 Nxh5 34. Rf3
Rb4 35. b3 f5 36. gxf6 Bxf6 37. Qg4 Ng7 38. Ne4 Be7 39. Bh6 Rb7 40. Bxg7 Kxg7
41. Qe6 Qg8 42. Nxc5 Qxe6 43. Nxe6+ Kg8 44. Kc2 g5 45. Kc3 h5 46. b4 g4 47. Rf5
h4 48. c5 g3 49. fxg3 hxg3 50. c6 Ra7 51. Rf1 e4 52. Rg1 Kf7 53. c7 Bf6+ 54.
Kc4 Ra3 55. b5 Rc3+ 56. Kb4 e3 57. Rxg3 e2 58. Rg1 Rc2 59. b6 Bh4 60. b7 e1=Q+
61. Rxe1 Bxe1+ 62. Kb3 Rc3+ 63. Kb2 Rxc7 64. Nxc7 1-0

[Event "SR 3. liga A2 2011/2012"]
[Site "?"]
[Date "2011.12.11"]
[Round "5.3"]
[White "Vagovsky, Jozef"]
[Black "Puobis, Jozef"]
[Result "1/2-1/2"]
[WhiteElo "1991"]
[BlackElo "1953"]
[PlyCount "52"]
[EventDate "2011.??.??"]

1. d4 d5 2. c4 Nc6 3. Nf3 Bg4 4. Nc3 Bxf3 5. gxf3 e6 6. cxd5 exd5 7. Bf4 Bb4 8.
e3 a6 9. Bd3 Nge7 10. Rc1 Ng6 11. Bg3 Qe7 12. Kf1 Rd8 13. Na4 h5 14. h4 Qd7 15.
Nc5 Bxc5 16. Rxc5 Nge7 17. Qb1 g6 18. b4 Nf5 19. Bf4 Qe7 20. Bxf5 gxf5 21. Qxf5
Qd7 22. Qg5 b6 23. Rxc6 Qxc6 24. Qe5+ Kd7 25. Qf5+ Qe6 26. Qc2 Qc6 1/2-1/2

[Event "SR 3. liga A2 2011/2012"]
[Site "?"]
[Date "2011.12.11"]
[Round "5.3"]
[White "Kosar, Mikulas ml"]
[Black "Vlkovic, Pavol"]
[Result "1-0"]
[WhiteElo "1900"]
[BlackElo "1838"]
[PlyCount "87"]
[EventDate "2011.??.??"]

1. e4 Nf6 2. Nc3 d6 3. d4 Nbd7 4. Nf3 e5 5. Bc4 Be7 6. O-O h6 7. h3 O-O 8. Be3
c6 9. Qd2 Kh7 10. a4 a5 11. Rad1 Qc7 12. d5 Nb6 13. Bd3 Bd7 14. b3 Ng8 15. Nh2
f5 16. f4 cxd5 17. Nxd5 Nxd5 18. exd5 e4 19. Be2 Nf6 20. c4 Be8 21. Kh1 h5 22.
Rg1 Rh8 23. g3 Qc8 24. Rc1 Qd7 25. Bd4 Kg8 26. Rg2 Nh7 27. Rcg1 Bf6 28. Qe3
Bxd4 29. Qxd4 Qe7 30. Nf1 Nf6 31. Ne3 g6 32. Rh2 Nd7 33. Rgg2 Nc5 34. g4 hxg4
35. hxg4 Rxh2+ 36. Rxh2 Qg7 37. Qd1 Qc3 38. Qg1 fxg4 39. Nxg4 Kg7 40. f5 Bf7
41. f6+ Kg8 42. Nh6+ Kf8 43. Nxf7 Kxf7 44. Rh7+ 1-0

[Event "SR 3. liga A2 2011/2012"]
[Site "?"]
[Date "2011.12.11"]
[Round "5.3"]
[White "Hornak, Pavol"]
[Black "Kosar, Mikulas st"]
[Result "1/2-1/2"]
[WhiteElo "1778"]
[BlackElo "1766"]
[PlyCount "79"]
[EventDate "2011.??.??"]

1. d4 d5 2. c4 Nf6 3. g3 c6 4. Nd2 Bf5 5. Bg2 e6 6. Ngf3 Nbd7 7. O-O Be7 8. b3
O-O 9. Bb2 Re8 10. Nh4 Bg6 11. Nxg6 fxg6 12. e4 dxe4 13. Nxe4 Nxe4 14. Bxe4 Nf6
15. Bg2 Bd6 16. Re1 Bb4 17. Re2 Qd7 18. Qc2 Rad8 19. a3 Ba5 20. b4 Bb6 21. c5
Bc7 22. Rc1 Re7 23. b5 Ba5 24. bxc6 bxc6 25. Rd1 Nd5 26. Bh3 Rde8 27. Rd3 Kf8
28. Qa4 Qc7 29. Rb3 Kf7 30. Qc4 Qc8 31. Rf3+ Kg8 32. Bg2 Rf8 33. Rxf8+ Kxf8 34.
Qa4 Bc3 35. Bxd5 Bxb2 36. Qxc6 Qxc6 37. Bxc6 Bxd4 38. a4 Bxc5 39. Bb5 Kf7 40.
Kg2 1/2-1/2

[Event "SR 3. liga A2 2011/2012"]
[Site "?"]
[Date "2011.12.11"]
[Round "5.5"]
[White "Horak, Ivan"]
[Black "Travnicek, Petr"]
[Result "1-0"]
[WhiteElo "2073"]
[BlackElo "2127"]
[PlyCount "57"]
[EventDate "2011.??.??"]

1. e4 d5 2. exd5 Nf6 3. d4 Nxd5 4. c4 Nb4 5. a3 N4c6 6. Be3 e6 7. Nf3 Nd7 8.
Nc3 Be7 9. Qc2 O-O 10. Bd3 Nf6 11. O-O-O a6 12. Ne4 Kh8 13. h4 Bd7 14. Nxf6
Bxf6 15. Bxh7 Na5 16. Be4 Bc6 17. Bxc6 Nxc6 18. Ng5 g6 19. d5 exd5 20. Rxd5 Qe8
21. h5 Kg8 22. hxg6 fxg6 23. Nh7 Ne7 24. Qe4 Qc6 25. Nxf8 Nxd5 26. Qxg6+ Kxf8
27. Bh6+ Ke7 28. Qe4+ Kd6 29. Rd1 1-0

[Event "SR 3. liga A2 2011/2012"]
[Site "?"]
[Date "2011.12.11"]
[Round "5.5"]
[White "Pribila, Michal"]
[Black "Kovarik, Oto"]
[Result "1-0"]
[WhiteElo "2101"]
[BlackElo "2018"]
[PlyCount "58"]
[EventDate "2011.??.??"]

1. e4 c5 2. c3 d5 3. exd5 Qxd5 4. d4 e6 5. Nf3 Nf6 6. Be2 Be7 7. O-O O-O 8. Be3
Ng4 9. Bf4 Nc6 10. Na3 Qd8 11. Nc4 Nf6 12. a3 b6 13. Qc2 Bb7 14. dxc5 Bxc5 15.
Rad1 Nd5 16. b4 Be7 17. b5 Nb8 18. Bg3 Nd7 19. Nce5 Nxe5 20. Nxe5 Qc8 21. c4
Nf6 22. Qb3 Bc5 23. Bh4 Be7 24. Rd3 Rd8 25. Rfd1 Qc5 26. Rxd8+ Rxd8 27. Rxd8+
Bxd8 28. Bxf6 gxf6 29. Qg3+ Kh8 1-0

[Event "SR 3. liga A2 2011/2012"]
[Site "?"]
[Date "2011.12.11"]
[Round "5.5"]
[White "Sefcik, Marek"]
[Black "Pribila, Gerhard"]
[Result "0-1"]
[WhiteElo "2016"]
[BlackElo "2036"]
[PlyCount "88"]
[EventDate "2011.??.??"]

1. d4 Nf6 2. Nf3 d5 3. Bf4 c5 4. e3 Nc6 5. c3 Qb6 6. Qb3 c4 7. Qxb6 axb6 8. Be2
Bf5 9. Nbd2 e6 10. O-O b5 11. a3 Be7 12. h3 h6 13. Rac1 O-O 14. Ne5 Nxe5 15.
Bxe5 Nd7 16. Bd1 f6 17. Bg3 e5 18. Bc2 Bxc2 19. Rxc2 e4 20. f3 f5 21. f4 Ra6
22. Kf2 Rg6 23. Rg1 Kf7 24. Nf1 h5 25. Ke2 h4 26. Bh2 Rh8 27. Kd1 Ra6 28. Rf2
g6 29. Nd2 Bd6 30. Rh1 b4 31. cxb4 Bxb4 32. Nb1 Ba5 33. Rc2 b5 34. Nc3 Bxc3 35.
Rxc3 Rb8 36. Re1 b4 37. axb4 Rxb4 38. Re2 Ra2 39. Rcc2 Rb3 40. Bg1 Nb6 41. Bf2
Na4 42. Red2 Nxb2+ 43. Ke2 c3 44. Rd1 Nxd1 0-1

[Event "SR 3. liga A2 2011/2012"]
[Site "?"]
[Date "2011.12.11"]
[Round "5.5"]
[White "Ambros, Rafael"]
[Black "Chabada, Tomas"]
[Result "0-1"]
[WhiteElo "2018"]
[BlackElo "1914"]
[PlyCount "114"]
[EventDate "2011.??.??"]

1. e4 e5 2. Nf3 Nc6 3. Bb5 a6 4. Ba4 Nf6 5. d3 b5 6. Bb3 d6 7. c3 Be7 8. O-O
O-O 9. Qe2 Bg4 10. h3 Bh5 11. Rd1 Na5 12. Bc2 c5 13. Nbd2 Qc7 14. Nf1 Rac8 15.
g4 Bg6 16. Ng3 Rfe8 17. Nf5 Bxf5 18. gxf5 Kh8 19. Kh1 Rg8 20. Rg1 c4 21. Ng5
Bf8 22. d4 Nc6 23. Be3 h6 24. d5 Nd8 25. Nf3 Nb7 26. Rg2 Nc5 27. Bd2 Nd3 28.
Rag1 Nf4 29. Bxf4 exf4 30. Nh2 Re8 31. Ng4 Be7 32. Qf3 Nxg4 33. Rxg4 Bf6 34.
Qxf4 Be5 35. Qe3 Qe7 36. f4 Bf6 37. Re1 b4 38. Ba4 Rb8 39. e5 dxe5 40. fxe5 Bg5
41. Qd4 bxc3 42. Qxc3 Rb4 43. Rxc4 Bd2 44. Qxd2 Rxc4 45. b3 Rh4 46. Kg2 Rh5 47.
Qf2 Qg5+ 48. Kh2 Qg4 49. Qg3 Qxf5 50. e6 fxe6 51. dxe6 Rxh3+ 52. Qxh3 Qf2+ 53.
Qg2 Qxe1 54. Bd7 Rf8 55. Kh3 Qe3+ 56. Kg4 Rf4+ 57. Kh5 Qe5+ 0-1

[Event "SR 3. liga A2 2011/2012"]
[Site "?"]
[Date "2011.12.11"]
[Round "5.5"]
[White "Bilovsky, Milan"]
[Black "Kocak, Branislav"]
[Result "1/2-1/2"]
[WhiteElo "1891"]
[BlackElo "1914"]
[PlyCount "82"]
[EventDate "2011.??.??"]

1. c4 Nf6 2. d4 e6 3. Nc3 Bb4 4. a3 Bxc3+ 5. bxc3 O-O 6. Bg5 d5 7. Nf3 Nbd7 8.
e3 c5 9. Qb3 Qa5 10. Bxf6 Nxf6 11. Rc1 Bd7 12. cxd5 exd5 13. dxc5 Qxc5 14. Bd3
Rfe8 15. O-O Bc6 16. Qb4 Qe7 17. Nd4 g6 18. Qxe7 Rxe7 19. c4 Ng4 20. Nxc6 bxc6
21. cxd5 cxd5 22. Rfd1 Rb8 23. Be2 Nf6 24. Bf3 Rb3 25. a4 Rb4 26. a5 Rb5 27. a6
Rb6 28. Be2 Kf8 29. Rc8+ Re8 30. Rc7 Re7 31. Rc8+ Re8 32. Rc7 Re7 33. Rdc1 Ne8
34. R7c6 Rxc6 35. Rxc6 d4 36. Rc8 dxe3 37. fxe3 Rc7 38. Rb8 Ke7 39. Kf2 Nd6 40.
Bf3 Ke6 41. g4 g5 1/2-1/2

[Event "SR 3. liga A2 2011/2012"]
[Site "?"]
[Date "2011.12.11"]
[Round "5.5"]
[White "Valla, Tomas"]
[Black "Vach, Jozef"]
[Result "1-0"]
[WhiteElo "1846"]
[BlackElo "1861"]
[PlyCount "77"]
[EventDate "2011.??.??"]

1. e4 e5 2. f4 exf4 3. Bc4 d6 4. Nf3 Be6 5. Qe2 c6 6. d4 Bxc4 7. Qxc4 g5 8. Nc3
h6 9. h4 Bg7 10. Bd2 Nd7 11. O-O-O Nb6 12. Qd3 Qe7 13. Rde1 O-O-O 14. hxg5 hxg5
15. Rxh8 Bxh8 16. e5 f6 17. Rh1 Bg7 18. Qf5+ Kb8 19. exf6 Qxf6 20. Qxg5 Rf8 21.
Ne4 Qxg5 22. Nexg5 Bh6 23. Ne4 Kc7 24. b3 Nc8 25. Rh4 Kd7 26. Nfg5 Nce7 27.
Rxf4 Nf5 28. c3 b6 29. g4 d5 30. Rxf5 Rxf5 31. gxf5 Ke7 32. f6+ Nxf6 33. Nxf6
Kxf6 34. Nf3 Bf8 35. Ne5 c5 36. Nd7+ Kf7 37. Nxf8 Kxf8 38. dxc5 bxc5 39. Be3
1-0

[Event "SR 3. liga A2 2011/2012"]
[Site "?"]
[Date "2011.12.11"]
[Round "5.5"]
[White "Husek, Lubomir"]
[Black "Brunovsky, Peter"]
[Result "1/2-1/2"]
[WhiteElo "1768"]
[BlackElo "1809"]
[PlyCount "50"]
[EventDate "2011.??.??"]

1. e4 c6 2. d4 d5 3. Nc3 dxe4 4. Nxe4 Nf6 5. Nxf6+ gxf6 6. Bf4 Bf5 7. Nf3 e6 8.
Bd3 Bg4 9. Be2 Bd6 10. Bg3 Qc7 11. Nh4 Bxe2 12. Qxe2 Nd7 13. a3 O-O-O 14. O-O-O
f5 15. Bxd6 Qxd6 16. Nf3 Rhg8 17. Ne5 Nxe5 18. dxe5 Qc5 19. f4 Rd5 20. g3 Rgd8
21. c3 a5 22. Rxd5 Rxd5 23. Rd1 b5 24. Rxd5 Qxd5 25. Qh5 Qc5 1/2-1/2

[Event "SR 3. liga A2 2011/2012"]
[Site "?"]
[Date "2011.12.11"]
[Round "5.5"]
[White "Zajicek, Ferdinand"]
[Black "Hrubos, Milan"]
[Result "0-1"]
[WhiteElo "1860"]
[BlackElo "1790"]
[PlyCount "102"]
[EventDate "2011.??.??"]

1. e4 e5 2. Nf3 Nc6 3. Nc3 Bc5 4. Bc4 Nf6 5. d3 h6 6. Be3 Bb6 7. h3 d6 8. a3
Be6 9. Ba2 O-O 10. Qd2 Bxe3 11. fxe3 d5 12. exd5 Nxd5 13. O-O Qd7 14. Ne4 b6
15. Qf2 f5 16. Ned2 f4 17. Bxd5 Bxd5 18. e4 Be6 19. b4 a6 20. Rad1 Qf7 21. c4
b5 22. cxb5 axb5 23. Rc1 Bd7 24. Nb1 Qg6 25. Kh2 Qf6 26. Rc5 Rab8 27. Nc3 Rfd8
28. Nxb5 Nxb4 29. axb4 Rxb5 30. Nxe5 Rxb4 31. Qxf4 Qxf4+ 32. Rxf4 Rd4 33. Rxc7
Be8 34. Re7 R4d6 35. Rg4 g6 36. Rf4 g5 37. Rf3 Bh5 38. g4 Be8 39. Kg3 Rc8 40.
Nc4 Rg6 41. e5 Bc6 42. Rf2 Rf8 43. Nd6 Bd5 44. Ne8 Rxf2 45. Kxf2 Kf8 46. Rd7
Bc6 47. Nf6 Rxf6+ 48. exf6 Bxd7 49. Kg3 Kf7 50. h4 Kxf6 51. hxg5+ Kxg5 0-1

[Event "SR 3. liga A2 2011/2012"]
[Site "?"]
[Date "2011.12.11"]
[Round "5.6"]
[White "Strakac, Petr"]
[Black "Sebesta, Radovan"]
[Result "0-1"]
[WhiteElo "2100"]
[BlackElo "2069"]
[PlyCount "96"]
[EventDate "2011.??.??"]

1. e4 c5 2. Nc3 d6 3. g3 Nc6 4. Bg2 g6 5. f4 Bg7 6. Nf3 e6 7. O-O Nge7 8. d3
O-O 9. Ne2 Rb8 10. g4 f5 11. h3 Bd7 12. c3 b5 13. Ng3 b4 14. Bd2 Qc7 15. gxf5
exf5 16. Qc2 Qb6 17. Rab1 b3 18. axb3 Qxb3 19. Qxb3+ Rxb3 20. Rf2 Rfb8 21. e5
dxe5 22. fxe5 Rxb2 23. Rxb2 Rxb2 24. d4 cxd4 25. cxd4 Be6 26. Ne2 Bd5 27. Bc1
Rb1 28. Nd2 Rb8 29. Ba3 Bh6 30. Nc3 Bxg2 31. Kxg2 Kf7 32. Nf3 Rb3 33. Bxe7 Nxe7
34. Rc2 Nc6 35. Na4 Rxf3 36. Rxc6 Ra3 37. Nc5 Be3 38. Rc7+ Ke8 39. Ne6 f4 40.
Ng7+ Kd8 41. Ne6+ Ke8 42. Ng7+ Kd8 43. Rf7 Bxd4 44. Rf8+ Ke7 45. Re8+ Kf7 46.
e6+ Kxg7 47. e7 Kf7 48. Rd8 Kxe7 0-1

[Event "SR 3. liga A2 2011/2012"]
[Site "?"]
[Date "2011.12.11"]
[Round "5.6"]
[White "Palka, Miroslav"]
[Black "Hudacek, Josef"]
[Result "1/2-1/2"]
[WhiteElo "1953"]
[BlackElo "2046"]
[PlyCount "58"]
[EventDate "2011.??.??"]

1. c4 Nf6 2. Nc3 g6 3. e4 d6 4. d4 Nbd7 5. f3 c6 6. Be3 a6 7. Qd2 Bg7 8. O-O-O
O-O 9. Bh6 b5 10. Bxg7 Kxg7 11. h4 h5 12. e5 Ne8 13. f4 Nb6 14. cxb5 axb5 15.
Kb1 Nc4 16. Bxc4 bxc4 17. d5 dxe5 18. fxe5 cxd5 19. Qxd5 Qxd5 20. Rxd5 Bf5+ 21.
Kc1 Rc8 22. Nf3 Nc7 23. Rc5 Ne6 24. Rxc8 Rxc8 25. Rd1 Nf4 26. Ne1 Bg4 27. Rd4
Ne6 28. Rd2 Rc5 29. Rd5 Rc7 1/2-1/2

[Event "SR 3. liga A2 2011/2012"]
[Site "?"]
[Date "2011.12.11"]
[Round "5.6"]
[White "Pagac, Robert"]
[Black "Lanik, Miroslav"]
[Result "0-1"]
[WhiteElo "1834"]
[BlackElo "1936"]
[PlyCount "84"]
[EventDate "2011.??.??"]

1. e4 c5 2. Nf3 d6 3. d4 cxd4 4. Nxd4 Nf6 5. Nc3 a6 6. Be2 e6 7. O-O Be7 8. Be3
O-O 9. h3 Qc7 10. Nf3 Nbd7 11. Bd3 b5 12. Bg5 Bb7 13. a3 Rfe8 14. Re1 Nc5 15.
Qe2 Rac8 16. Rad1 h6 17. Bh4 Nfd7 18. Bxe7 Rxe7 19. Bxb5 axb5 20. Nxb5 Ba6 21.
Nxc7 Bxe2 22. Rxe2 Rxc7 23. Rxd6 Nf6 24. e5 Nd5 25. g3 Ra7 26. Nd4 Red7 27. Nb5
Rab7 28. c4 Nb6 29. b4 Nxc4 30. bxc5 Nxd6 31. c6 Rxb5 32. cxd7 Nb7 33. Rc2 Kf8
34. Rc8+ Ke7 35. a4 Rxe5 36. Rc7 Nd8 37. Ra7 Rd5 38. a5 Rxd7 39. Ra8 Rd1+ 40.
Kg2 Ra1 41. a6 Nc6 42. Rc8 Rxa6 0-1

[Event "SR 3. liga A2 2011/2012"]
[Site "?"]
[Date "2011.12.11"]
[Round "5.6"]
[White "Palka, Martin"]
[Black "Vogl, Zdenek"]
[Result "1/2-1/2"]
[WhiteElo "1876"]
[BlackElo "1928"]
[PlyCount "111"]
[EventDate "2011.??.??"]

1. e4 e5 2. Nf3 Nc6 3. Bb5 a6 4. Ba4 Nf6 5. O-O b5 6. Bb3 Be7 7. Re1 O-O 8. a4
Bb7 9. c3 d6 10. d3 h6 11. Nbd2 Nd7 12. axb5 axb5 13. Rxa8 Bxa8 14. Nf1 Na5 15.
Ba2 c5 16. Ng3 c4 17. d4 Nc6 18. Nf5 exd4 19. cxd4 Nf6 20. Bb1 Re8 21. d5 Ne5
22. N3d4 Qb8 23. f4 Ned7 24. Nxe7+ Rxe7 25. Nf5 Re8 26. h3 Nc5 27. Ng3 Qa7 28.
Kh2 Qe7 29. Nf5 Qf8 30. Ng3 g6 31. Re2 h5 32. Qd4 Qg7 33. e5 Nxd5 34. Bd2 Nb3
35. Qa7 dxe5 36. f5 Nxd2 37. Rxd2 Nf4 38. fxg6 Nd3 39. gxf7+ Qxf7 40. Qxf7+
Kxf7 41. Bxd3 cxd3 42. Rxd3 Kg6 43. Ne2 Rc8 44. Nc3 b4 45. Nd5 Rc2 46. Rg3+ Kf7
47. Nxb4 Rxb2 48. Nd3 Re2 49. Kg1 Kf6 50. Kf1 Rd2 51. Ne1 e4 52. Re3 Kf5 53.
Re2 Rd1 54. Kf2 Bb7 55. Nc2 Rb1 56. Ne3+ 1/2-1/2

[Event "SR 3. liga A2 2011/2012"]
[Site "?"]
[Date "2011.12.11"]
[Round "5.6"]
[White "Planka, Peter"]
[Black "Gasa, Patrik"]
[Result "0-1"]
[WhiteElo "1831"]
[BlackElo "1727"]
[PlyCount "160"]
[EventDate "2011.??.??"]

1. e4 c5 2. Nf3 Nc6 3. d4 cxd4 4. Nxd4 g6 5. Be2 Bg7 6. Be3 Nf6 7. Nc3 d5 8.
exd5 Nxd5 9. Nxd5 Qxd5 10. Bf3 Qa5+ 11. c3 O-O 12. Nxc6 bxc6 13. O-O Ba6 14.
Be2 Rfd8 15. Qc2 Bxe2 16. Qxe2 Rab8 17. Rfc1 Rd7 18. a3 Rb3 19. Qc4 Rxb2 20.
Qxc6 Qc7 21. Qxc7 Rxc7 22. Rab1 Rxb1 23. Rxb1 Bxc3 24. Rc1 a6 25. Bb6 Rb7 26.
Rxc3 Rxb6 27. g3 e5 28. Rc5 Re6 29. Kg2 e4 30. h4 h5 31. a4 Kf8 32. Rc8+ Ke7
33. Rc7+ Kf6 34. a5 Rd6 35. Rb7 Ke6 36. Kf1 f6 37. Ke2 Ke5 38. Re7+ Kd4 39. Rb7
Kd5 40. Ke3 Ke5 41. Re7+ Kf5 42. Rxe4 Rd5 43. Ra4 Ke6 44. Ke4 Rf5 45. f4 Rb5
46. Ra3 Rb4+ 47. Kf3 Kf5 48. Rc3 Rb5 49. Ra3 Rc5 50. Ke3 Rd5 51. Kf3 Rd4 52.
Rc3 Rd5 53. Ra3 Rb5 54. Ke3 Ke6 55. Ke4 g5 56. fxg5 fxg5 57. hxg5 Rxg5 58. Rb3
Rxa5 59. Rb6+ Kd7 60. Rh6 Kc7 61. Kf3 Kb7 62. Ke2 Rg5 63. Kd2 Rc5 64. Kd3 a5
65. Kd4 Rg5 66. Kc4 Kc7 67. Rh7+ Kd6 68. Rh6+ Ke5 69. Ra6 Ke4 70. Rd6 Kf5 71.
Rd3 Kg4 72. Kb3 Rf5 73. Ka4 Rf3 74. Rd4+ Kxg3 75. Kxa5 h4 76. Rd8 Kg2 77. Rd2+
Rf2 78. Rd4 h3 79. Rg4+ Kf1 80. Rh4 h2 0-1

[Event "SR 3. liga A2 2011/2012"]
[Site "?"]
[Date "2011.12.11"]
[Round "5.6"]
[White "Skapikova, Lubica"]
[Black "Berger, Patrik"]
[Result "1/2-1/2"]
[WhiteElo "1867"]
[BlackElo "1731"]
[PlyCount "97"]
[EventDate "2011.??.??"]

1. e4 c5 2. Nf3 d6 3. d4 cxd4 4. Nxd4 Nf6 5. Nc3 a6 6. Be2 e5 7. Nb3 Be7 8. O-O
Be6 9. f4 Qc7 10. Be3 O-O 11. f5 Bc4 12. g4 Bxe2 13. Qxe2 Qc6 14. Qg2 Ne8 15.
Nd5 Bd8 16. g5 f6 17. g6 h6 18. Kh1 Nd7 19. Rf3 Rc8 20. c3 Nc7 21. Qd2 Nxd5 22.
exd5 Qc4 23. Bxh6 Qe4 24. Raf1 Bb6 25. Be3 Rc4 26. Bxb6 Nxb6 27. Qg2 Qg4 28.
Rg3 Qe4 29. Rd1 Rfc8 30. Na5 Qxg2+ 31. Kxg2 Ra4 32. Nxb7 Rxa2 33. Nxd6 Rxb2+
34. Kg1 Rd8 35. Nf7 Rxd5 36. Rxd5 Nxd5 37. Rh3 Kf8 38. c4 Nf4 39. Rh8+ Ke7 40.
Ra8 Nh3+ 41. Kh1 Rb6 42. Ra7+ Kf8 43. c5 Rb1+ 44. Kg2 Nf4+ 45. Kf3 Rb3+ 46. Ke4
Rb4+ 47. Ke3 Nd5+ 48. Ke2 Re4+ 49. Kd2 1/2-1/2

[Event "SR 3. liga A2 2011/2012"]
[Site "?"]
[Date "2011.12.11"]
[Round "5.6"]
[White "Kubik, Peter"]
[Black "Zisek, Jaroslav"]
[Result "1-0"]
[WhiteElo "1668"]
[BlackElo "1860"]
[PlyCount "55"]
[EventDate "2011.??.??"]

1. e4 c5 2. Nf3 d6 3. d4 cxd4 4. Nxd4 Nf6 5. Nc3 a6 6. Bc4 Qc7 7. Bb3 e6 8. O-O
Nc6 9. Be3 b5 10. f4 Bd7 11. a3 Be7 12. Qe2 O-O 13. Rf3 Nxd4 14. Bxd4 e5 15.
Be3 Bg4 16. Raf1 exf4 17. Bxf4 Rac8 18. Qd2 Bxf3 19. Rxf3 Qc6 20. Qe2 Bd8 21.
Rg3 Bb6+ 22. Kf1 Bd4 23. Bh6 Ne8 24. Nd5 Qb7 25. Qg4 Be5 26. Rh3 Kh8 27. Bg5 f5
28. Rxh7+ 1-0

[Event "SR 3. liga A2 2011/2012"]
[Site "?"]
[Date "2011.12.11"]
[Round "5.6"]
[White "Fidericky, Milan"]
[Black "Danihel, Jozef"]
[Result "1-0"]
[WhiteElo "1843"]
[BlackElo "1546"]
[PlyCount "53"]
[EventDate "2011.??.??"]

1. d4 e6 2. c4 d5 3. Nc3 Nf6 4. Bg5 Be7 5. Nf3 O-O 6. e3 Re8 7. Bd3 c6 8. O-O
Nbd7 9. Rc1 a6 10. c5 b6 11. cxb6 Nxb6 12. Ne5 Bb7 13. Bxf6 Bxf6 14. Bxh7+ Kf8
15. Bd3 Bxe5 16. dxe5 Nd7 17. f4 Nc5 18. Bb1 Nd7 19. Na4 f5 20. Qh5 Kg8 21. Rf3
Rf8 22. Rg3 Qe7 23. Rf1 c5 24. Rh3 d4 25. Bd3 dxe3 26. Be2 Qe8 27. Qh7+ 1-0